Astrology in India: A sociological inquiry (Record no. 1308867)
[ view plain ]
| 000 -LEADER | |
|---|---|
| fixed length control field | 00773nam a2200217 4500 |
| 005 - DATE AND TIME OF LATEST TRANSACTION | |
| control field | 20250411125343.0 |
| 008 - FIXED-LENGTH DATA ELEMENTS--GENERAL INFORMATION | |
| fixed length control field | 250411b |||||||| |||| 00| 0 eng d |
| 020 ## - INTERNATIONAL STANDARD BOOK NUMBER | |
| International Standard Book Number | 9781032332277 |
| 037 ## - SOURCE OF ACQUISITION | |
| Terms of availability | Textual |
| 040 ## - CATALOGING SOURCE | |
| Original cataloging agency | RTL |
| Transcribing agency | RTL |
| 084 ## - COLON CLASSIFICATION NUMBER | |
| Classification number | Delta.2 |
| Assigning agency | RTL |
| 100 ## - MAIN ENTRY--PERSONAL NAME | |
| Personal name | Yadav, Nupurnima |
| 9 (RLIN) | 725910 |
| 245 ## - TITLE STATEMENT | |
| Title | Astrology in India: A sociological inquiry |
| 260 ## - PUBLICATION, DISTRIBUTION, ETC. | |
| Place of publication, distribution, etc. | London |
| Name of publisher, distributor, etc. | Routledge |
| Date of publication, distribution, etc. | 2022 |
| 300 ## - PHYSICAL DESCRIPTION | |
| Extent | xv, 178 p. : ill. |
| Other physical details | Includes bibliography references and index |
| 520 ## - SUMMARY, ETC. | |
| Summary, etc. | This book critically examines the larger world of astrology in India, its ubiquity and relationship with religion, caste , gender, class and aspirations |
| 650 ## - SUBJECT ADDED ENTRY--TOPICAL TERM | |
| Topical term or geographic name entry element | religion |
| 650 ## - SUBJECT ADDED ENTRY--TOPICAL TERM | |
| Topical term or geographic name entry element | Caste |
| 650 ## - SUBJECT ADDED ENTRY--TOPICAL TERM | |
| Topical term or geographic name entry element | Astrology- India |
| 9 (RLIN) | 752161 |
| 942 ## - ADDED ENTRY ELEMENTS (KOHA) | |
| Source of classification or shelving scheme | Colon Classification (CC) |
| Suppress in OPAC | No |
| Koha item type | Textbook |
| Classification part | Delta.2 R2 |
| Withdrawn status | Lost status | Source of classification or shelving scheme | Damaged status | Not for loan | Home library | Current library | Date acquired | Total Checkouts | Date last seen | Price effective from | Koha item type | Full call number | Barcode |
|---|---|---|---|---|---|---|---|---|---|---|---|---|---|
| Colon Classification (CC) | Ratan Tata Library | Ratan Tata Library | 2025-04-11 | 2025-04-11 | 2025-04-11 | Textbook | |||||||
| Colon Classification (CC) | Ratan Tata Library | Ratan Tata Library | 2025-04-11 | 2025-04-11 | 2025-04-11 | Textbook | Delta.2 R2 | RT1585243 |
